Statistics for Countries represented in Tom Clancy's Rainbow Six Siege

Click here to take the quiz!

General Stats

  • This quiz has been taken 109 times
  • The average score is 18 of 28

Answer Stats

# of operatorsAnswer% Correct
8United States
99%
5United Kingdom
94%
5France
93%
3Russia
93%
4Germany
90%
2Hong Kong (China)
84%
2Japan
84%
2Brazil
81%
2Spain
81%
2Canada
78%
1South Korea
73%
1Italy
71%
2Poland
69%
1Mexico
68%
2Australia
66%
1Norway
56%
1India
55%
2Morocco
54%
1South Africa
46%
1Netherlands
44%
1Peru
43%
1Israel
39%
1Kenya
39%
1North Korea
36%
1Belarus
35%
1Jordan
35%
1Uzbekistan
28%
1Libya
20%

Score Distribution

Percentile by Number Answered

Percent of People with Each Score

Your Score History

You have not taken this quiz